LEADER 00954nam0 2200277 i 450 001 996265548903316 005 20180719130347.0 010 $a978-88-13-36541-7 100 $a20180308d2018----||||0itac50 ba 101 $aita 102 $aIT 200 1 $a<>assistenza linguistica nel processo penale$eun meta-diritto fondamentale tra paradigma europeo e prassi italiana$fMitja Gialuz 210 $aMilano$cWolters Kluwer$a[Padova]$cCEDAM$d2018 215 $aXVII, 484 p.$d24 cm 225 $aGiustizia penale europea$v6 410 0$aGiustizia penale europea$v6 606 0 $aDiritti linguistici$xTutela$xProcesso penale$yItalia [e] Unione europea$2BNCF 676 $a345.05 700 1$aGIALUZ,$bMitja$0500890 801 0$aIT$bsalbc$gISBD 912 $a996265548903316 951 $aXXIII.4.G. 181$b87997 G.$cXXIII.4.G.$d411175 959 $aBK 969 $aGIU 996 $aAssistenza linguistica nel processo penale$91511308 997 $aUNISA LEADER 03778 am 22007213u 450 001 9910130814903321 005 20230621140706.0 010 $a9788884536372$b(ebook) 010 $z9788884536259$b(paperback) 035 $a(CKB)3450000000002821 035 $a(SSID)ssj0000986034 035 $a(PQKBManifestationID)11985371 035 $a(PQKBTitleCode)TC0000986034 035 $a(PQKBWorkID)10933321 035 $a(PQKB)10258779 035 $a(OCoLC)794668608 035 $a(oapen)https://directory.doabooks.org/handle/20.500.12854/30996 035 $a(EXLCZ)993450000000002821 100 $a20160829h20102010 uy 0 101 0 $aeng 135 $aurmn#nnn||||| 181 $ctxt$2rdacontent 182 $cc$2rdamedia 183 $acr$2rdacarrier 200 10$aPolicies for REgional COoperation in the field of lifelong learning $ebuilding a broad strategy for the next European planning period /$fPaolo Federighi [and Thirteen others] 210 $cFirenze University Press$d2010 210 1$aFirenze :$cFirenze University Press,$d[2010] 210 4$d©2010 215 $a1 online resource (30 pages) $ccolour illustrations, 1 colour map 225 1 $aProceedings e report ;$v59 311 08$aPrint version: 9788884536259 320 $aIncludes bibliographical references. 327 $aPresentation -- European cohesion regarding the 2020 targets is dependant on the policies adopted at the regional level and the nature of common goals -- Comprehensive regional strategies -- Coherent regional strategies -- Support tools -- European cooperation -- Action Plan for 2010-2011. 330 $aThis document constitutes the Policy Paper of the Precoll project-Policies for Regional Cooperation in Lifelong Learning, led by the Università degli Studi di Firenze-Dipartimento di Scienze dell'Educazione e dei Processi Culturali e Formativi/University of Florence-Department of Educational Sciences and Cultural and Training Processes (Agreement nr 2008-11294), in partnership with Generalitat de Catalunya, Junta de Andalucía, Regione Toscana, Welsh Assembly Government, Jämtland County Council, NIACE Dysgu Cymru-National Institute of Adult Continuing Education, Provincia di Livorno Sviluppo Srl, subcontractor Melius Srl (www.mutual-learning.eu). This document has been endorsed by the Earlall General Assembly held in Brussels on 16th February 2010. Moreover Cedefop has been supporting the quality of the work thanks to the regular advice and suggestions delivered by Steven Bainbridge. 410 0$aProceedings e report (Firenze University Press);$v59. 606 $aContinuing education$xPolitical aspects$zEuropean Union countries$y21st century 606 $aAdult education$xPolitical aspects$zEuropean Union countries$y21st century 606 $aHigher education and state$xPolitical aspects$zEuropean Union countries$y21st century 610 $aprecoll 610 $aformation 610 $acedefop 610 $aformazione 610 $aprecoll project 610 $aEuropean Union 610 $aGeneralitat de Catalunya 610 $aLabour economics 610 $aLifelong learning 610 $aRegional Government of Andalusia 610 $aTuscany 610 $aVocational education 610 $aWelsh Government 615 0$aContinuing education$xPolitical aspects 615 0$aAdult education$xPolitical aspects 615 0$aHigher education and state$xPolitical aspects 676 $a374 700 $aFederighi$b Paolo$0155447 702 $aTorlone$b Francesca$4auth 801 0$bPQKB 801 2$bAuAdUSA 801 2$bUkMaJRU 912 $a9910130814903321 996 $aPolicies for REgional COoperation in the field of lifelong learning$92132067 997 $aUNINA LEADER 02058nam 22006374a 450 001 9910781812803321 005 20230721032148.0 010 $a1-282-48526-1 010 $a9786612485268 010 $a1-60473-143-5 035 $a(CKB)1000000000484966 035 $a(OCoLC)220153095 035 $a(CaPaEBR)ebrary10218405 035 $a(SSID)ssj0000360816 035 $a(PQKBManifestationID)12151843 035 $a(PQKBTitleCode)TC0000360816 035 $a(PQKBWorkID)10347851 035 $a(PQKB)10895581 035 $a(SSID)ssj0000165648 035 $a(PQKBManifestationID)11163606 035 $a(PQKBTitleCode)TC0000165648 035 $a(PQKBWorkID)10142454 035 $a(PQKB)11472672 035 $a(MiAaPQ)EBC515655 035 $a(MdBmJHUP)muse13697 035 $a(Au-PeEL)EBL515655 035 $a(CaPaEBR)ebr10218405 035 $a(CaONFJC)MIL248526 035 $a(EXLCZ)991000000000484966 100 $a20060403d2007 ub 0 101 0 $aeng 135 $aurcn||||||||| 181 $ctxt 182 $cc 183 $acr 200 10$aGreen seduction$b[electronic resource] $emoney, business, and the environment /$fBill Streever 205 $a1st ed. 210 $aJackson $cUniversity Press of Mississippi$d2007 215 $a1 online resource (219 p.) 300 $aIncludes index. 311 $a1-934110-27-2 311 $a1-57806-920-3 327 $aA half success -- Building Nature, Inc. -- Stop and think -- Big Muddy gumbo -- The shadow of Mount OII -- Waste not, profit not -- Breathing clean air -- Green carpet -- The rebuttable presumption. 606 $aEnvironmentalism$xHistory 606 $aEnvironmental protection$xEconomic aspects 615 0$aEnvironmentalism$xHistory. 615 0$aEnvironmental protection$xEconomic aspects. 676 $a333.7209 700 $aStreever$b Bill$0705449 801 0$bMiAaPQ 801 1$bMiAaPQ 801 2$bMiAaPQ 906 $aBOOK 912 $a9910781812803321 996 $aGreen seduction$93864632 997 $aUNINA